000 00772nam a22002417a 4500
001 BR0504656
003 BR-BrBNA
005 20230928102021.0
007 ta
008 230509b bl.||||| |||| 00| 0 por d
040 _aBR-BrBNA
_bpor
_cBiblioteca Nacional de Agricultura
041 _a(Por)
072 _aE71
090 _ E71 BR0504656
110 1 _aMinistério da Agricultura, Pecuária e Abastecimento, Brasília, DF (Brasil)
245 1 _aViagem do ministro Roberto Rodrigues a Guaiquil, Equador; Reunião ministerial sobre agricultura e vida rural das Américas (IICA)
260 3 _aBrasília, DF (Brasil):
_c2005.
300 _a17 p.
650 _aAGRONEGÓCIO
650 _aMERCADO INTERNACIONAL
909 _a202309
_bLucia
_c55
_dLucia Elande
942 _cBK
999 _c68725
_d68725